00368nam a2200133 a 450000500170000000800410001702000150005805000240007310000230009724500400012026000410016030000210020165000120022220140310183321.0060302s19uu xx 00 eng d a0345408039 aPS 3552b.B877 1997 aBernhardt, William aCruel justice /cWilliam Bernhardt. aNew York :bBallantine Books,c1997. a466 p. :c18 cm. aFiction